00895 2200301 4500001002100000005001700021008004100038020001800079035002400097040001200121082001000133090001700143100001800160245014300178250001000321260003800331300003000369500001100399504003100410650001900441700002400460700002800484700002100512700001800533850001200551990001500563990001500578YOGYA-0209000003857820090227025400.0 ind  a979-3721-03-0 0010-020900000038578 aYOPDYOG a303.6 a303.6bPru T aPRUIT, Dean G aTeori konflik sosialcDean G. Pruit, Jeffrey Z.Rubin; penerjemah, Helly P. Soetjipto, Sri Mulyani Soetjipto; penyunting, Muhammad Khatamie aCet.1 aYogyakartabPustaka Pelajarc2004 axiv, 456 hlmbilusc21 cm aIndeks aBibliografi : hlm. 425-451 aKonflik sosial aKhatarine, Muhammad aSucipto, Sri Mulyantini aSucipto, Helly P aRubin, Jefrey aYOPDYOG a05B0012012 a05B0012011